00965 2200301 4500001002100000005001500021035002000036007000300056008004100059336002100100337002300121338003800144040002200182100002900204245006300233300003100296020002200327082001200349084001400361264004500375500006900420650002300489850001200512852002000524856007500544990002200619990002200641INLIS00000000087403920220926030057 a0010-0922001567ta211109s2012 jkia gs ind d 2rdacontentateks 2rdamediaakomputer 2rdacarrierasumber sambung jaring aYOPDYOGbinderda0 aSandra LinggaePengarang10aStunning Up Do /cSandra Lingga; penyunting, Nana Lystiani a1 berkas komputer (4,4 MB) a978-979-22-8681-604223a646 a646 SAN s31aJakarta :bGramedia Pustaka Utama,c2012 aUntuk mengakses buku ini silakan unduh aplikasi http://ijogja.id aBusana dan pakaian aYOPDYOG8 aaplikasi iJogja40nPerpustakaan Digital iJogjauhttp://ijogja.id/publications/books/22753 a003051-EPD/B.2017 a003052-EPD/B.2017